Jednoliterowe symbole pierwiastków - nagła śmierć - Statystyki

Ogólne statystyki
  • Ten quiz został rozwiązany 5 509 razy
  • Średni wynik to 7 z 14
Answers on the Grid
Answers color-coded by a green-red scale on the quiz's grid according to % correct below.
A
B
C
D
E
F
G
H
I
J
K
L
M
N
O
P
Q
R
S
T
U
V
W
X
Y
Z
 
Statystyki odpowiedzi
Odpowiedź % Poprawnych
Węgiel C
75%
Tlen O
72%
Wodór H
67%
Potas K
66%
Jod I
63%
Fosfor P
60%
Fluor F
58%
Siarka S
55%
Azot N
50%
Bor B
49%
Uran U
37%
Wanad V
28%
Wolfram W
27%
Itr Y
24%
Nie znaleziono quizów pasujących do podanych kryteriów
Rozkład punktacji
Procent ludzi z każdym wynikiem
Percentyl według liczby udzielonych odpowiedzi
Twoja historia wyników
Nie rozwiązałeś tego quizu